[Event "Swiss System, Round 3"]
[Site "SchemingMind.com"]
[Date "2012.12.04"]
[Round "3"]
[White "lennart"]
[Black "VLNT_1"]
[Result "1-0"]
[WhiteCountry "SWE"]
[BlackCountry "USA"]
[WhiteElo "1491"]
[WhiteRD "54"]
[BlackElo "1308"]
[BlackRD "81"]
[GameID "322426"]

1. e4 Nf6 2. Nc3 g6 3. d4 Bg7 4. Nf3 O-O 5. Bc4 e6 6. O-O d5 7. exd5 exd5 8. Bb3 Nc6 9. h3 Qd7 10. Bf4 Nh5
11. Bc1 f5 12. Nxd5 Rf7 13. Ng5 h6 14. Nxf7 Kxf7 15. Nb6+
1-0

[Event "Swiss System, Round 3"]
[Site "SchemingMind.com"]
[Date "2012.12.21"]
[Round "3"]
[White "Munny"]
[Black "Uzi Mike"]
[Result "0-1"]
[WhiteCountry "GER"]
[BlackCountry "USA"]
[WhiteElo "2232"]
[WhiteRD "92"]
[BlackElo "2392"]
[BlackRD "80"]
[GameID "323279"]

1. e4 c6 2. d4 d5 3. Nc3 dxe4 4. Nxe4 Nd7 5. Nf3 Ngf6 6. Ng3 e6 7. Bd3 c5 8. O-O cxd4 9. Nxd4 Bc5 10. Nb3 O-O
11. Bg5 Be7 12. Re1 h6 13. Bd2 Qc7 14. Nf5 exf5 15. Rxe7 Ng4 16. g3 Nge5 17. Bb4 Nc6
0-1

[Event "Swiss System, Round 3"]
[Site "SchemingMind.com"]
[Date "2012.12.17"]
[Round "3"]
[White "Jari Laine"]
[Black "SwirlingEddie"]
[Result "1-0"]
[WhiteCountry "FIN"]
[BlackCountry "USA"]
[WhiteElo "2390"]
[WhiteRD "74"]
[BlackElo "2183"]
[BlackRD "106"]
[GameID "323280"]

1. e4 e5 2. Nf3 Nc6 3. Bc4 Bc5 4. c3 Nf6 5. d3 d6 6. Bb3 a6 7. O-O Ba7 8. Re1 O-O 9. h3 h6 10. Nbd2 Be6
11. Bc2 Re8 12. Nf1 d5 13. Qe2 d4 14. Ng3 Bc5 15. a3 b5 16. b4 Be7 17. Qd2 a5 18. bxa5 Rxa5 19. Bb2 Ra7 20. cxd4 exd4
21. Rec1 Qd7 22. Qd1 Rb7 23. Ne2 Bc5 24. Nf4 Bc4 25. dxc4 bxc4 26. Ba4 Rxb2 27. Rxc4 Nxe4 28. Qc1 Rb6 29. Nd3 Nc3 30. Nxc5 Qf5
31. Qd2 Na5 32. Rxc3 dxc3 33. Qxc3 Ra8 34. Bc2 Qf4 35. Be4 c6 36. Rd1 Rb5 37. Rd4 Qf6 38. a4
1-0

[Event "Swiss System, Round 3"]
[Site "SchemingMind.com"]
[Date "2012.12.21"]
[Round "3"]
[White "littleboo"]
[Black "Till Plewe"]
[Result "0-1"]
[WhiteCountry "USA"]
[BlackCountry "JPN"]
[WhiteElo "2223"]
[WhiteRD "74"]
[BlackElo "2358"]
[BlackRD "72"]
[GameID "323281"]

1. e4 e5 2. Nf3 Nc6 3. Bc4 Nf6 4. Ng5 d5 5. exd5 b5 6. Bf1 Nd4 7. c3 Nxd5 8. cxd4 Qxg5 9. Bxb5+ Kd8 10. Qf3 exd4
11. Bc6 Nf4 12. Bxa8 Bg4 13. Qe4 Bd6 14. g3 Re8 15. gxf4 Rxe4+ 16. Bxe4 Qxf4 17. f3 Bxf3 18. Bxf3 Qxf3 19. Rf1 Qe4+ 20. Kf2 d3
21. Re1 Qf4+ 22. Kg2 Qxh2+ 23. Kf3 Qf4+ 24. Kg2 Qg3+ 25. Kf1 Qf3+ 26. Kg1 Bg3
0-1

[Event "Swiss System, Round 3"]
[Site "SchemingMind.com"]
[Date "2012.12.18"]
[Round "3"]
[White "Diadoco"]
[Black "Clive Everill"]
[Result "1-0"]
[WhiteCountry "MEX"]
[BlackCountry "CZE"]
[WhiteElo "2014"]
[WhiteRD "104"]
[BlackElo "1710"]
[BlackRD "48"]
[GameID "323432"]

1. c4 Nf6 2. Nc3 e5 3. g3 Bb4 4. Bg2 O-O 5. e4 Bxc3 6. bxc3 c6 7. Qb3 Na6 8. Ba3 d6 9. Ne2 Re8 10. O-O Qc7
11. Rab1 Re7 12. Rfe1 Be6 13. d4 Rd7 14. d5 cxd5 15. cxd5 Bg4 16. f3 Bh5 17. Rf1 Nxe4 18. fxe4 Bxe2 19. Rf2 Bc4 20. Qc2 Qa5
21. Bh3 Rdd8 22. Rxb7 f6 23. Be6+ Kh8 24. Bb4 Nxb4 25. cxb4 Qa6 26. Rf7 Rab8 27. R2xf6 gxf6 28. Qc1 Bd3 29. Qh6 Qb6+ 30. Kg2 Bxe4+
31. Kh3 Rg8 32. Qxf6+
1-0

[Event "Swiss System, Round 3"]
[Site "SchemingMind.com"]
[Date "2012.12.19"]
[Round "3"]
[White "NYNH"]
[Black "Greg Magne"]
[Result "1/2-1/2"]
[WhiteCountry "USA"]
[BlackCountry "CAN"]
[WhiteElo "2045"]
[WhiteRD "63"]
[BlackElo "1866"]
[BlackRD "82"]
[GameID "323433"]

1. d4 d5 2. Nf3 Nf6 3. c4 c6 4. cxd5 cxd5 5. Nc3 Nc6 6. Bf4 a6 7. Rc1 Bg4 8. Ne5 Bh5 9. Nxc6 bxc6 10. Qa4 Qb6
11. e3 e6 12. Bd3 Be7 13. O-O O-O 14. Qc2 Bg6 15. Bxg6 hxg6 16. Na4 Qa5 17. a3 Ne4 18. b4 Qb5 19. Qxc6 Nd2 20. Rfd1 Nc4
21. Qxb5 axb5 22. Nc5 Rxa3=
1/2-1/2

[Event "Swiss System, Round 3"]
[Site "SchemingMind.com"]
[Date "2012.12.31"]
[Round "3"]
[White "rookie31"]
[Black "John Galvin"]
[Result "1/2-1/2"]
[WhiteCountry "IND"]
[BlackCountry "USA"]
[WhiteElo "2183"]
[WhiteRD "60"]
[BlackElo "2320"]
[BlackRD "74"]
[GameID "323926"]

1. d4 Nf6 2. Nf3 g6 3. g3 d5 4. Bg2 Bg7 5. O-O O-O 6. c4 dxc4 7. Na3 Nc6 8. Nxc4 Be6 9. Nce5 Bd5 10. Bf4 Nh5
11. Be3 Qd6 12. Rc1 e6 13. Qd2 Rfd8 14. Rfd1 a5 15. Nxc6 Bxc6 16. Bg5 Rdc8 17. a3 Nf6 18. Bh6 Bxh6 19. Qxh6 Bxf3 20. Bxf3 c6
21. Qg5 Kg7 22. e4 Qd8 23. Rc3 Qb6 24. b3 h6 25. Qe5 Qc7 26. Rcd3 Qb8 27. Qc5 Qc7 28. Bg2 Qd7 29. Qe5 Qc7 30. Qc5 Qd8
31. Qc2 Rc7=
1/2-1/2

[Event "Swiss System, Round 3"]
[Site "SchemingMind.com"]
[Date "2012.12.28"]
[Round "3"]
[White "sibelius"]
[Black "Will Grummitt"]
[Result "0-1"]
[WhiteCountry "USA"]
[BlackCountry "ENG"]
[WhiteElo "2271"]
[WhiteRD "83"]
[BlackElo "2166"]
[BlackRD "83"]
[GameID "323927"]

1. e4 e6 2. d4 d5 3. Nc3 Bb4 4. e5 c5 5. Bd2 Ne7 6. Nb5 Bxd2+ 7. Qxd2 O-O 8. dxc5 Nbc6 9. Nf3 b6 10. Qc3 Rb8
11. cxb6 Qxb6 12. b3 f6 13. exf6 Rxf6 14. Nbd4 e5 15. Nxc6 Nxc6 16. Qd2 e4 17. Ng5 Ne7 18. g3 Qc5 19. a3 a5 20. Rc1 Qxa3
21. Bh3 Qb4 22. Qxb4 axb4 23. O-O h6 24. Bxc8 Rxc8 25. Nh3 Rfc6 26. Rfd1 g5 27. Rd2 Kg7 28. Kg2 Rc3 29. Ng1 Rxb3 30. cxb3 Rxc1
31. Rd4 Rc2 32. Kf1 Kf6 33. Ne2 Ke5 34. Rxb4 Nc6 35. Rb6 d4 36. Rb5+ Kf6 37. g4 d3 38. Ng3 Rc1+ 39. Kg2 Re1 40. Nf1 Nd4
41. Rb6+ Ke5
0-1

[Event "Swiss System, Round 3"]
[Site "SchemingMind.com"]
[Date "2012.12.27"]
[Round "3"]
[White "Ilang"]
[Black "David Carter"]
[Result "1-0"]
[WhiteCountry "HUN"]
[BlackCountry "USA"]
[WhiteElo "2368"]
[WhiteRD "66"]
[BlackElo "2127"]
[BlackRD "105"]
[GameID "323930"]

1. d4 d5 2. c4 e6 3. Nc3 c6 4. e3 Bd6 5. Bd3 f5 6. Nge2 Nf6 7. f3 dxc4 8. Bxc4 b5 9. Bb3 a5 10. a3 a4
11. Ba2 Qc7 12. e4 e5 13. O-O fxe4 14. Nxe4 Nxe4 15. fxe4 Rf8 16. Rxf8+ Bxf8 17. Qf1 Bd6 18. Bg5
1-0

[Event "Swiss System, Round 3"]
[Site "SchemingMind.com"]
[Date "2013.01.01"]
[Round "3"]
[White "ArtistDude"]
[Black "jbgood"]
[Result "1-0"]
[WhiteCountry "USA"]
[BlackCountry "CAN"]
[WhiteElo "1918"]
[WhiteRD "92"]
[BlackElo "1708"]
[BlackRD "86"]
[GameID "323933"]

1. d4 Nf6 2. c4 e6 3. g3 d5 4. Nf3 b6 5. Bg2 Bb7 6. cxd5 Bxd5 7. Nc3 Bb4 8. Qa4+ Nc6 9. O-O O-O 10. Bg5 h6
11. Nxd5 hxg5 12. Nxf6+ gxf6 13. Qxc6 Kg7 14. a3 Bd6 15. Rfd1 Rh8 16. e4 Qg8 17. e5 fxe5 18. dxe5 g4 19. exd6 gxf3 20. Qxf3 Qh7
21. Qg4+ Qg6 22. Qxg6+ Kxg6 23. Bxa8 Rxa8 24. dxc7
1-0

[Event "Swiss System, Round 3"]
[Site "SchemingMind.com"]
[Date "2013.01.01"]
[Round "3"]
[White "Ronald R. Nurmi"]
[Black "Archon"]
[Result "1-0"]
[WhiteCountry "USA"]
[BlackCountry "CAN"]
[WhiteElo "1907"]
[WhiteRD "83"]
[BlackElo "1588"]
[BlackRD "59"]
[GameID "323934"]

1. d4 Nf6 2. Bf4 d6 3. Nf3 g6 4. e3 Bg7 5. Be2 Na6 6. c4 c5 7. h3 cxd4 8. exd4 b6 9. Nc3 Bb7 10. Rc1 Rc8
11. O-O O-O 12. d5 Nc5 13. b3 a5 14. Re1 Re8 15. Nd4 Nfe4 16. Bf3 Nxc3 17. Rxc3 Nd7 18. Rc1 Nf6 19. Qd2 Rc5 20. Nb5 Ba6
21. Be3 Bxb5 22. Bxc5 bxc5 23. cxb5 a4 24. bxa4 Nd7 25. a5 Qa8 26. a4 Ne5 27. Bd1 c4 28. Be2 Nd3 29. Bxd3 cxd3 30. Rc6 Bf8
31. a6 Qa7 32. Qxd3 Rb8 33. a5 Ra8 34. b6 Qxa6 35. Qxa6 Rxa6 36. b7
1-0

[Event "Swiss System, Round 3"]
[Site "SchemingMind.com"]
[Date "2012.12.28"]
[Round "3"]
[White "Daryl Fouard"]
[Black "Roger Martindale"]
[Result "1-0"]
[WhiteCountry "USA"]
[BlackCountry "USA"]
[WhiteElo "1735"]
[WhiteRD "72"]
[BlackElo "1409"]
[BlackRD "96"]
[GameID "323935"]

1. e4 e5 2. f4 exf4 3. Bc4 c5 4. Nc3 Nc6 5. d4 Nxd4 6. Bxf4 Nf6 7. e5 b5 8. Nxb5 Nxb5 9. Bxb5 Qa5+ 10. c3 Qxb5
11. exf6 Qxb2 12. Be5 gxf6 13. Bxf6 Rg8 14. g3 Bg7 15. Bxg7 Rxg7 16. Nf3 Qxc3+ 17. Kf2 Bb7 18. Re1+ Kd8 19. Ne5 d5 20. Nf3 d4
21. Qe2 Qe3+ 22. Qxe3 dxe3+ 23. Rxe3 Bc6 24. Rd1+ Kc7 25. Re7+ Kb6 26. Ne5 Re8 27. Nxc6 Rxe7 28. Nxe7 Kb5 29. Rb1+ Ka4 30. Rb7 a5
31. Rb3 f5 32. Nd5 Rg6 33. Nc3#
1-0

[Event "Swiss System, Round 3"]
[Site "SchemingMind.com"]
[Date "2013.01.10"]
[Round "3"]
[White "eraymond"]
[Black "Robert Pallett"]
[Result "1-0"]
[WhiteCountry "CAN"]
[BlackCountry "ENG"]
[WhiteElo "2413"]
[WhiteRD "88"]
[BlackElo "2233"]
[BlackRD "113"]
[GameID "324503"]

1. e4 c5 2. Nf3 Nc6 3. d4 cxd4 4. Nxd4 Nf6 5. Nc3 e5 6. Ndb5 d6 7. Bg5 a6 8. Na3 b5 9. Nd5 Be7 10. Bxf6 Bxf6
11. c4 b4 12. Nc2 a5 13. Qf3 Bg5 14. h4 Be7 15. Rd1 O-O 16. c5 dxc5 17. Nf6+ Bxf6 18. Rxd8 Rxd8 19. Bc4 Nd4 20. Nxd4 Rxd4
21. Bd5 Ra7 22. g4 Ba6 23. g5 Bd8 24. Qh3 a4 25. f3 b3 26. axb3 axb3 27. g6 hxg6 28. h5 g5 29. h6 Bf6 30. hxg7 Bxg7
31. Qh7+ Kf8 32. Qf5
1-0

[Event "Swiss System, Round 3"]
[Site "SchemingMind.com"]
[Date "2013.01.06"]
[Round "3"]
[White "Phillip Beckett"]
[Black "Marco_M"]
[Result "1/2-1/2"]
[WhiteCountry "ENG"]
[BlackCountry "ITA"]
[WhiteElo "1555"]
[WhiteRD "48"]
[BlackElo "2161"]
[BlackRD "101"]
[GameID "324504"]

1. e4 c5 2. Nf3 Nc6 3. d4 cxd4 4. Nxd4 g6 5. c4 Bg7 6. Be3 Nf6 7. Nc3 Ng4 8. Qxg4 Nxd4 9. Qd1 Ne6 10. Rc1 O-O
11. Be2 d6 12. O-O a5 13. Qd2 Bd7 14. Bg4 Bc6 15. Bxe6 fxe6 16. f3 Rb8 17. Rfd1 b5 18. cxb5 Bxb5 19. Nxb5 Rxb5 20. b3 Qb8
21. Qf2 Rc8 22. Rxc8+ Qxc8 23. Bd4 Bxd4 24. Qxd4 Qc7 25. h3= Rb4 26. Qd2 Qb7 27. Qe3 Kf7=
1/2-1/2

[Event "Swiss System, Round 3"]
[Site "SchemingMind.com"]
[Date "2013.01.07"]
[Round "3"]
[White "Aadsje"]
[Black "spoke"]
[Result "1-0"]
[WhiteCountry "NED"]
[BlackCountry "GER"]
[WhiteElo "2246"]
[WhiteRD "61"]
[BlackElo "1753"]
[BlackRD "70"]
[GameID "324505"]

1. Nc3 Nc6 2. d4 d5 3. e4 e6 4. e5 f6 5. Bb5 Bd7 6. Nf3 Be7 7. O-O a6 8. Bxc6 Bxc6 9. Qe2 f5 10. a4 h6
11. Ne1 Bb4 12. Qh5+ Kf8 13. Nd3 Be7 14. Nf4
1-0

[Event "Swiss System, Round 3"]
[Site "SchemingMind.com"]
[Date "2013.01.19"]
[Round "3"]
[White "Mel-o-rama"]
[Black "Erik Johnson"]
[Result "1-0"]
[WhiteCountry "USA"]
[BlackCountry "USA"]
[WhiteElo "1945"]
[WhiteRD "92"]
[BlackElo "1704"]
[BlackRD "71"]
[GameID "325209"]

1. e4 d5 2. exd5 Qxd5 3. Nc3 Qa5 4. d4 c6 5. Nf3 Bg4 6. h3 Bh5 7. g4 Bg6 8. Ne5 Be4 9. Nc4 Qxc3+ 10. bxc3 Bxh1
11. f3 e6 12. Kf2 Nf6 13. Kg1 Bxf3 14. Qxf3 Nbd7 15. g5 Nd5 16. Ne5 Nxe5 17. dxe5 Bc5+ 18. Kh2 O-O-O 19. Qxf7 Nxc3 20. Qxe6+ Kb8
21. Qc4
1-0

[Event "Swiss System, Round 3"]
[Site "SchemingMind.com"]
[Date "2013.01.15"]
[Round "3"]
[White "Odinson"]
[Black "e_castle3"]
[Result "0-1"]
[WhiteCountry "USA"]
[BlackCountry "PHI"]
[WhiteElo "1601"]
[WhiteRD "78"]
[BlackElo "1734"]
[BlackRD "63"]
[GameID "325210"]

1. e4 g6 2. d4 Bg7 3. e5 d6 4. f4 Nh6 5. Bd3 O-O 6. Nf3 Bg4 7. O-O dxe5 8. fxe5 Bxf3 9. Qxf3 c6 10. Bxh6 Bxh6
11. c3 e6 12. Na3 f6 13. exf6 Bg7 14. f7+ Kh8 15. Qh3 Qg5 16. Qxe6 c5 17. dxc5 Qxc5+ 18. Kh1 Nc6 19. Rae1 Ne5 20. Bc4 a6
21. b4 Qc7 22. Bb3 Rad8 23. Nb1 Rd6 24. Qc4 Nxc4 25. Re8 Ne5 26. Rxf8+ Bxf8 27. h3 g5 28. Rf5 Rg6 29. Nd2 Qxc3 30. Nf3 Nxf3
31. Rxf3 Qe1+ 32. Kh2 g4 33. Rd3 g3+
0-1

[Event "Swiss System, Round 3"]
[Site "SchemingMind.com"]
[Date "2013.01.19"]
[Round "3"]
[White "Carl Lenox"]
[Black "Lanaroon"]
[Result "0-1"]
[WhiteCountry "CAN"]
[BlackCountry "ENG"]
[WhiteElo "1325"]
[WhiteRD "75"]
[BlackElo "1543"]
[BlackRD "80"]
[GameID "325212"]

1. e4 e5 2. Nf3 Nc6 3. Bb5 a6 4. Ba4 Nf6 5. O-O Be7 6. Re1 b5 7. Bb3 O-O 8. c3 d5 9. exd5 Nxd5 10. Nxe5 Nxe5
11. Rxe5 c6 12. d3 Bd6 13. Re4 Bf5 14. Re2 Re8 15. Bc2 Rxe2 16. Qxe2 Qe7 17. Qxe7 Bxe7 18. b3 Re8 19. c4 Bg5
0-1

[Event "Swiss System, Round 4"]
[Site "SchemingMind.com"]
[Date "2013.03.04"]
[Round "4"]
[White "Clem"]
[Black "ampp"]
[Result "1-0"]
[WhiteCountry "USA"]
[BlackCountry "POR"]
[WhiteElo "1490"]
[WhiteRD "53"]
[BlackElo "1253"]
[BlackRD "66"]
[GameID "328020"]

1. e4 e5 2. Nf3 Nc6 3. d4 exd4 4. Nxd4 Nxd4 5. Qxd4 d6 6. Nc3 Nf6 7. Bg5 Be7 8. Bc4 O-O 9. O-O h6 10. Bh4 c5
11. Qd1 Bg4 12. Be2 Bxe2 13. Qxe2 a6 14. Rad1 b5 15. e5 b4 16. Na4 Qa5 17. b3 dxe5 18. Qxe5 Rfe8 19. h3 Rac8 20. Rfe1 Qc7
21. Qf5 g6 22. Qf3 g5 23. Bg3 Rcd8 24. Bxc7 Rxd1 25. Rxd1
1-0

[Event "Swiss System, Round 4"]
[Site "SchemingMind.com"]
[Date "2013.03.20"]
[Round "4"]
[White "Archon"]
[Black "James Reed"]
[Result "1-0"]
[WhiteCountry "CAN"]
[BlackCountry "ENG"]
[WhiteElo "1659"]
[WhiteRD "55"]
[BlackElo "1406"]
[BlackRD "63"]
[GameID "328812"]

1. Nf3 Nf6 2. c4 e6 3. g3 b6 4. Bg2 Bb7 5. O-O Be7 6. Nc3 O-O 7. d3 d5 8. cxd5 exd5 9. Bg5 h6 10. Bd2 Bd6
11. Rc1 Ba6 12. Nh4 Re8 13. Nxd5 c6 14. Nb4 Qd7 15. Nxa6 Nxa6 16. Bxc6 Qd8 17. Bxa8 Qxa8 18. Nf3 Nc5 19. Be3 a6 20. a3 a5
21. b4 Ncd7 22. Qd2 Ne5 23. Nxe5 Bxe5 24. Bxb6 Bd6 25. Bxa5 Nd5 26. Rfe1 Be5 27. Rc5 Bc3 28. Rxc3 Nxc3 29. Qxc3 Rc8 30. Qb2 Qd5
31. Rc1 Rxc1+ 32. Qxc1 Qa2 33. Bb6 Qxa3 34. Qxa3 f6 35. Bc5
1-0

[Event "Swiss System, Round 4"]
[Site "SchemingMind.com"]
[Date "2013.03.21"]
[Round "4"]
[White "Roger Martindale"]
[Black "Carl Lenox"]
[Result "1-0"]
[WhiteCountry "USA"]
[BlackCountry "CAN"]
[WhiteElo "1441"]
[WhiteRD "98"]
[BlackElo "1268"]
[BlackRD "75"]
[GameID "328813"]

1. e4 c5 2. c4 Nc6 3. Nf3 d6 4. h3 g6 5. Nc3 Nf6 6. a3 Bg7 7. d3 O-O 8. Be2 a6 9. Be3 b6 10. d4 Re8
11. d5 Na5 12. O-O Bb7 13. b4 Nc6 14. dxc6 Bxc6 15. b5 Bb7 16. a4 e5 17. Qc2 Qd7 18. Rfd1 Rad8 19. Nd5 Bxd5 20. cxd5 Re7
21. bxa6 Ne8 22. Rdb1 Rb8 23. Bb5 Qc8 24. a7 Rxa7 25. Bc6 Nc7 26. Qc3 Ne8 27. Rb5 Nf6 28. Nd2 Re7 29. a5 Ra7 30. axb6 Rxa1+
31. Qxa1 Nd7 32. b7 Qd8 33. Nc4 Nf6 34. Nb6 Nxe4 35. Nd7
1-0

[Event "Swiss System, Round 4"]
[Site "SchemingMind.com"]
[Date "2013.03.21"]
[Round "4"]
[White "Erik Johnson"]
[Black "Ronald R. Nurmi"]
[Result "0-1"]
[WhiteCountry "USA"]
[BlackCountry "USA"]
[WhiteElo "1654"]
[WhiteRD "72"]
[BlackElo "1943"]
[BlackRD "91"]
[GameID "328851"]

1. e4 d5 2. exd5 Qxd5 3. Nc3 Qd6 4. d4 Nf6 5. Nf3 c6 6. Ne5 Nbd7 7. f4 Nb6 8. g4 Nbd5 9. Bd2 g6 10. Qf3 Nxc3
11. Bxc3 Be6 12. h4 Bd5 13. Qh3 Bxh1 14. Qxh1 e6 15. O-O-O Qc7 16. f5 exf5 17. gxf5 O-O-O 18. fxg6 fxg6 19. Bc4 Nd5 20. Bd2 Bd6
21. Bg5 Rde8 22. Bxd5 cxd5 23. Qxd5 Kb8 24. Re1 Rhf8 25. c4 Rf5 26. c5 Bxe5 27. dxe5 Rexe5 28. Rxe5 Rxe5 29. Qg8+ Qc8 30. Qxc8+ Kxc8
31. b4 Kd7 32. Kc2 Kc6 33. a3 b6 34. cxb6 Kxb6 35. Kd3 Kb5 36. Kc3 a5 37. bxa5 Kxa5 38. Kd4 Re8 39. Kd5 Ka4 40. Kd6 Kxa3
41. Kd7 Re2 42. Kd6 Kb3 43. Kd5 Kc2 44. Kd4 Kd1 45. Kd3 Re8 46. Kd4 Ke2 47. Bf4 Kf3 48. Bg5 Rf8 49. Ke5 Rf5+ 50. Ke6 Rxg5
51. hxg5 Kf4 52. Kf6 Kg4 53. Kg7 Kxg5
0-1

[Event "Swiss System, Round 4"]
[Site "SchemingMind.com"]
[Date "2013.03.21"]
[Round "4"]
[White "jbgood"]
[Black "Andreas Flato"]
[Result "1-0"]
[WhiteCountry "CAN"]
[BlackCountry "GER"]
[WhiteElo "1733"]
[WhiteRD "78"]
[BlackElo "1783"]
[BlackRD "97"]
[GameID "328852"]

1. e4 e5 2. Bc4 Nf6 3. Nc3 Nc6 4. Nf3 Nxe4 5. Bxf7+ Kxf7 6. Nxe4 d5 7. Neg5+ Kg8 8. d3 h6 9. Nh3 Bg4 10. Nhg1 Qf6
11. h3 Bh5 12. g4 Be8 13. Qe2 Bd7 14. Bd2 Nd4 15. Nxd4 exd4 16. O-O-O c5 17. h4 Re8 18. Qf1 Bxg4 19. Re1 Rxe1+ 20. Qxe1 Bd7
21. h5 Bd6 22. Ne2 Kf7 23. f4 Bg4 24. Ng3 Rf8 25. Rf1 Kg8 26. f5 b5 27. a3 a6 28. Bf4 b4 29. axb4 cxb4 30. b3 a5
31. Kb2 Ra8 32. Qa1 Bh3 33. Rf2 Bxf4 34. Rxf4 Qe5 35. Qc1 Rf8 36. Qd2 Kf7 37. Ne2 Qe3 38. Qxe3 dxe3 39. Rf3 Bxf5 40. Rxf5+ Ke7
41. Rxd5 Ke6 42. Rxa5
1-0

[Event "Swiss System, Round 4"]
[Site "SchemingMind.com"]
[Date "2013.03.25"]
[Round "4"]
[White "spoke"]
[Black "Odinson"]
[Result "0-1"]
[WhiteCountry "GER"]
[BlackCountry "USA"]
[WhiteElo "1751"]
[WhiteRD "67"]
[BlackElo "1606"]
[BlackRD "81"]
[GameID "328853"]

1. e4 d5 2. exd5 Qxd5 3. Nc3 Qa5 4. d4 Nf6 5. Bc4 Bf5 6. Nf3 e6 7. Bd2 c6 8. O-O Be7 9. d5 cxd5 10. Nxd5 Qd8
11. Nxe7 Qxe7 12. a3 O-O 13. Bb4 Qc7 14. Bxf8 Kxf8 15. Qe2 Nbd7 16. Rfd1 Rc8 17. Bd3 Bg4 18. h3 Bh5 19. Rd2 Bxf3 20. Qxf3 Ne5
21. Qe2 a6 22. Rad1 Nd5 23. Qe4 Nf6 24. Qh4 Nxd3 25. Rxd3 Qxc2 26. Rd8+ Rxd8 27. Rxd8+ Ke7 28. Qd4 Qc1+ 29. Kh2 Qc7+
0-1

[Event "Swiss System, Round 4"]
[Site "SchemingMind.com"]
[Date "2013.03.20"]
[Round "4"]
[White "pengle"]
[Black "Lanaroon"]
[Result "1-0"]
[WhiteCountry "USA"]
[BlackCountry "ENG"]
[WhiteElo "1828"]
[WhiteRD "86"]
[BlackElo "1577"]
[BlackRD "79"]
[GameID "328854"]

1. d4 d5 2. f4 Nf6 3. Nf3 e6 4. e3 Nc6 5. c3 Bd6 6. Bd3 O-O 7. Nbd2 Ng4 8. Qe2 f6 9. h3 Nh6 10. O-O e5
11. fxe5 fxe5 12. e4 dxe4 13. Nxe4 exd4 14. Bxh6 gxh6 15. cxd4 Nxd4 16. Nxd4 Rxf1+ 17. Rxf1 Be5 18. Nf3 Bd4+ 19. Nxd4 Qxd4+ 20. Kh1 Be6
21. Nf6+ Kg7 22. Qxe6 Qxd3 23. Nh5+ Kh8 24. Qf6+
1-0

[Event "Swiss System, Round 4"]
[Site "SchemingMind.com"]
[Date "2013.03.25"]
[Round "4"]
[White "jpetric"]
[Black "Daryl Fouard"]
[Result "0-1"]
[WhiteCountry "USA"]
[BlackCountry "USA"]
[WhiteElo "1490"]
[WhiteRD "85"]
[BlackElo "1708"]
[BlackRD "78"]
[GameID "328855"]

1. e4 c5 2. d4 cxd4 3. Qxd4 Nc6 4. Qe3 Nf6 5. Nc3 d5 6. Bb5 d4 7. Bxc6+ bxc6 8. Qd2 dxc3 9. Qxd8+ Kxd8 10. b3 Nxe4
11. f3 Nf6 12. Ne2 Nd5 13. Ba3 Ne3 14. Rc1 Nxg2+ 15. Kf2 Nh4 16. Bb4 e5 17. Bxc3 f6 18. Ba5+ Ke8 19. Rcd1 Bc5+ 20. Kf1 Bh3+
21. Ke1 Nxf3#
0-1

[Event "Swiss System, Round 4"]
[Site "SchemingMind.com"]
[Date "2013.03.21"]
[Round "4"]
[White "Clive Everill"]
[Black "lennart"]
[Result "0-1"]
[WhiteCountry "CZE"]
[BlackCountry "SWE"]
[WhiteElo "1738"]
[WhiteRD "55"]
[BlackElo "1489"]
[BlackRD "61"]
[GameID "328857"]

1. e4 e5 2. f4 exf4 3. Nf3 Nc6 4. d4 Qf6 5. e5 Qh6 6. Bc4 Nge7 7. O-O d5 8. exd6 Ng6 9. Re1+ Kd7 10. Bxf7 Bxd6
11. Qe2 Nge7 12. Ne5+ Kd8 13. Bb3 Nxd4 14. Qc4 Bxe5 15. Rxe5 Ndc6 16. Re4 Qd6 17. Bxf4 Qd1+ 18. Kf2 Rf8 19. c3 Qh5 20. Na3 g5
21. Rd1+ Bd7 22. g3 Qxh2+ 23. Ke3 gxf4+ 24. Rxf4 Qxg3+ 25. Ke2 Rxf4 26. Qc5 Qg2+ 27. Kd3 Rf3+ 28. Kc4 Qe2+ 29. Rd3 Qxd3#
0-1

[Event "Swiss System, Round 4"]
[Site "SchemingMind.com"]
[Date "2013.03.29"]
[Round "4"]
[White "Uzi Mike"]
[Black "Till Plewe"]
[Result "1/2-1/2"]
[WhiteCountry "USA"]
[BlackCountry "JPN"]
[WhiteElo "2413"]
[WhiteRD "78"]
[BlackElo "2348"]
[BlackRD "69"]
[GameID "329013"]

1. e4 e5 2. Nf3 Nc6 3. Bb5 a6 4. Ba4 Nf6 5. O-O Nxe4 6. Re1 Nc5 7. Bxc6 dxc6 8. Nxe5 Be7 9. d4 Ne6 10. Be3 O-O
11. Nc3 f6 12. Nf3 Re8 13. Qd3 Nf8 14. d5 cxd5 15. Nxd5 Be6 16. c4 Bxd5 17. cxd5 c6 18. Rad1 Qxd5 19. Qxd5+ cxd5 20. Rxd5 Kf7
21. Bb6 Rac8 22. h3 Rc2 23. Rb1 Rec8 24. Be3 Ne6 25. Ne1 R2c6 26. Rbd1 Rd8 27. Rxd8 Nxd8 28. f4 Rd6 29. Rxd6 Bxd6 30. Kf2 Ke6
31. Kf3 Kd5 32. g4 g6 33. Nc2 Nc6 34. Bb6 f5 35. Ne3+ Ke6 36. Nc2 Be7 37. a3 Bf6 38. b3 Be7=
1/2-1/2

[Event "Swiss System, Round 4"]
[Site "SchemingMind.com"]
[Date "2013.03.29"]
[Round "4"]
[White "eraymond"]
[Black "AussieMossie"]
[Result "1/2-1/2"]
[WhiteCountry "CAN"]
[BlackCountry "AUS"]
[WhiteElo "2391"]
[WhiteRD "98"]
[BlackElo "2390"]
[BlackRD "96"]
[GameID "329014"]

1. e4 e5 2. Nc3 Nc6 3. f4 exf4 4. Nf3 g5 5. h3 Nf6 6. d4 Bb4 7. Bd3 Nh5 8. O-O h6 9. Nd5 Ng3 10. Rf2 Bf8
11. c3 d6 12. Nh2 Rg8 13. Qf3 Ne5 14. dxe5 dxe5 15. Bc4 Bd6 16. Ne3 Bc5 17. b4 Bb6 18. Bxf7+ Kxf7 19. Qxg3 Kg7 20. Qf3 fxe3
21. Bxe3 Rf8 22. Qe2 Rxf2 23. Bxf2 Qd6 24. Bxb6 Qxb6+ 25. Kh1 Be6 26. Rf1 Qd6 27. Ng4=
1/2-1/2

[Event "Swiss System, Round 4"]
[Site "SchemingMind.com"]
[Date "2013.03.24"]
[Round "4"]
[White "Will Grummitt"]
[Black "Jari Laine"]
[Result "0-1"]
[WhiteCountry "ENG"]
[BlackCountry "FIN"]
[WhiteElo "2182"]
[WhiteRD "93"]
[BlackElo "2421"]
[BlackRD "85"]
[GameID "329015"]

1. e4 e5 2. Nf3 Nc6 3. Bc4 Bc5 4. b4 Bxb4 5. c3 Ba5 6. d4 d6 7. Qb3 Qd7 8. O-O Bb6 9. Bb5 a6 10. Ba4 Ba7
11. Bxc6 Qxc6 12. dxe5 Be6 13. Qc2 dxe5 14. Nxe5 Qc5 15. Nf3 Qc6 16. Nbd2 O-O-O 17. Ba3 Nf6 18. Rab1 Bg4 19. Be7 Bxf3 20. Nxf3 Rde8
21. Bxf6 gxf6 22. Rfe1 Re7 23. Re2= Rhe8 24. Rbe1 Kb8 25. a4 Bb6 26. h3 Rd8 27. e5 Rde8 28. c4 h6 29. Re4 Qc5 30. Rd1 c6
31. Rf4 fxe5 32. Rf5 Rd8 33. Rb1 Ba7 34. Nd2 Rd4 35. Rf6 Rf4 36. Rxf4 exf4 37. Nb3 Qe5 38. c5 Ka8 39. f3 Qe2 40. Qxe2 Rxe2
41. Rd1 Rb2 42. Rd8+ Bb8 43. Nd2 Rc2 44. Ne4 Ra2 45. Nf6 Ka7 46. Nd7 Bc7 47. Rc8 Ba5 48. Rh8 Rxa4 49. Rxh6 Rd4 50. Ne5 Bc3
51. Nxf7 a5 52. Nd6 a4
0-1

[Event "Swiss System, Round 4"]
[Site "SchemingMind.com"]
[Date "2013.03.27"]
[Round "4"]
[White "John Galvin"]
[Black "Ilang"]
[Result "1/2-1/2"]
[WhiteCountry "USA"]
[BlackCountry "HUN"]
[WhiteElo "2342"]
[WhiteRD "72"]
[BlackElo "2370"]
[BlackRD "75"]
[GameID "329016"]

1. e4 c5 2. Nf3 d6 3. Bb5+ Bd7 4. Bxd7+ Qxd7 5. O-O Nc6 6. c3 Nf6 7. Qe2 e6 8. d4 cxd4 9. cxd4 d5 10. e5 Ne4
11. Nbd2 Nxd2 12. Bxd2 Be7 13. Rac1 O-O 14. Rc2 Rac8 15. Rfc1 Rc7 16. h3 h6 17. Ba5 Rcc8 18. Qd2 Nxa5 19. Qxa5 Rxc2 20. Rxc2 Rc8
21. Rxc8+=
1/2-1/2